| 000 | 01047nam0a2200325 4500 | ||
|---|---|---|---|
| 001 | RU\NLR\PR\ONL\13850308 | ||
| 005 | 20260628210500.0 | ||
| 010 | _910000 | ||
| 035 | _a(NLR Aleph) 022845051 | ||
| 090 |
_a13746538 _c13746538 |
||
| 100 | _a20260626d1974 m y0rusy50 ba | ||
| 101 | 0 | _alit | |
| 102 | _aLT | ||
| 105 | _aa z 000gy | ||
| 181 | 0 |
_ai _b xxe |
|
| 182 | 0 | _an | |
| 200 | 1 |
_aPoezija _erinktinė _fVitautas Bložė _g[dailininkas V. Jurkūnas(jaun.)] |
|
| 203 |
_aТекст _bвизуальный _cнепосредственный |
||
| 210 |
_aVilnius _cVaga _d1974 |
||
| 215 |
_a300,[1] с. _cил. _d14 |
||
| 541 | 1 |
_6z01790 _aПоэзия _zrus _7ca |
|
| 686 | 1 | _aШ6(2=Ли)7-5 | |
| 700 | 1 |
_aBložė _bV. P. _f1930-2016 _gVytautas Petras _4070 |
|
| 702 | 1 |
_aJurkunas _bV. _f1946- _gVytautas |
|
| 790 | 1 |
_6z01541 _aБложе _bВ. П. _f1930-2016 _gВитаутас Пятрас _4070 |
|
| 801 | 0 |
_aRU _bNLR |
|
| 942 | _cBOOK | ||
| 945 | _aРоссийская национальная библиотека | ||
| 980 | _aNB | ||